000 00275nam a2200097Ia 4500
008 220204s9999 xx 000 0 und d
082 _a657.4
_bIND
245 0 _aAccount code. V 4. Accounts kept in account offices
260 _aDelhi
_bManager of Publications
_c1962
942 _cBK
999 _c20121
_d20121